| 000 | 00894nam a22002297a 4500 | ||
|---|---|---|---|
| 999 |
_c10158 _d10158 |
||
| 003 | AR-CdUCM | ||
| 008 | 190329b ||||| |||| 00| 0 spa d | ||
| 040 |
_aMUNICIPALIDAD PROVINCIAL DEL CUSCO _cBIBLIOTECA MUNICIPAL DEL CUSCO |
||
| 082 |
_aEP / 800 / _bH72 |
||
| 100 |
_aHomero _912528 |
||
| 245 | _aLa odisea / | ||
| 260 |
_aBarcelona ; _bEditorial Mateu, _c1964. |
||
| 300 |
_a249 páginas ; _bIlustraciones, _c19 cm. |
||
| 440 |
_aColección clásicos cadete _926852 |
||
| 505 | _aContenido: Los dioses decretan la vuelta de Ulises -- Asamblea, partida de Telémaco -- Telémaco en la tierra de Pilos -- Visita a Melenao -- Ulises abandona la isla Ogigia... | ||
| 650 |
_aLiteratura universal _9611 |
||
| 650 |
_aAventura _91719 |
||
| 650 |
_aDioses griegos _926853 |
||
| 700 |
_aBallester Escalas, R. (traducción, adaptación y notas) _926854 |
||
| 942 |
_2ddc _cLIBROS |
||
| 945 | _adavv | ||